<?xml version="1.0" encoding="UTF-8"?><?xml-stylesheet type="text/xsl" href="static/style.xsl"?><OAI-PMH xmlns="http://www.openarchives.org/OAI/2.0/" xmlns:xsi="http://www.w3.org/2001/XMLSchema-instance" xsi:schemaLocation="http://www.openarchives.org/OAI/2.0/ http://www.openarchives.org/OAI/2.0/OAI-PMH.xsd"><responseDate>2026-04-28T02:33:37Z</responseDate><request verb="GetRecord" identifier="oai:riubu.ubu.es:10259/8124" metadataPrefix="marc">https://riubu.ubu.es/oai/request</request><GetRecord><record><header><identifier>oai:riubu.ubu.es:10259/8124</identifier><datestamp>2023-11-25T01:05:34Z</datestamp><setSpec>com_10259_5363</setSpec><setSpec>com_10259_5086</setSpec><setSpec>com_10259_2604</setSpec><setSpec>col_10259_5364</setSpec></header><metadata><record xmlns="http://www.loc.gov/MARC21/slim" xmlns:doc="http://www.lyncode.com/xoai" xmlns:xsi="http://www.w3.org/2001/XMLSchema-instance" xmlns:dcterms="http://purl.org/dc/terms/" xsi:schemaLocation="http://www.loc.gov/MARC21/slim http://www.loc.gov/standards/marcxml/schema/MARC21slim.xsd">
<leader>00925njm 22002777a 4500</leader>
<datafield tag="042" ind1=" " ind2=" ">
<subfield code="a">dc</subfield>
</datafield>
<datafield tag="720" ind1=" " ind2=" ">
<subfield code="a">Dahmani, Kheira</subfield>
<subfield code="e">author</subfield>
</datafield>
<datafield tag="720" ind1=" " ind2=" ">
<subfield code="a">Houdeib, Jinane B.</subfield>
<subfield code="e">author</subfield>
</datafield>
<datafield tag="720" ind1=" " ind2=" ">
<subfield code="a">Zouambi, Amina</subfield>
<subfield code="e">author</subfield>
</datafield>
<datafield tag="720" ind1=" " ind2=" ">
<subfield code="a">Bendeddouche, Badis</subfield>
<subfield code="e">author</subfield>
</datafield>
<datafield tag="720" ind1=" " ind2=" ">
<subfield code="a">Fernández Muiño, Miguel Ángel</subfield>
<subfield code="e">author</subfield>
</datafield>
<datafield tag="720" ind1=" " ind2=" ">
<subfield code="a">Osés Gómez, Sandra María</subfield>
<subfield code="e">author</subfield>
</datafield>
<datafield tag="720" ind1=" " ind2=" ">
<subfield code="a">Sancho Ortiz, María Teresa</subfield>
<subfield code="e">author</subfield>
</datafield>
<datafield tag="260" ind1=" " ind2=" ">
<subfield code="c">2020</subfield>
</datafield>
<datafield tag="520" ind1=" " ind2=" ">
<subfield code="a">This study was aimed to assess quality, authentication parameters and trolox equivalent antioxidant capacity (TEAC) of Algerian and imported honeys sold in Algerian markets. Results indicated that 80% Algerian samples fulfilled international standards, whereas only 21.4% imported honeys were in agreement with the current regulations. 13.3% Algerian samples and 7.1% imported honeys showed values of proline lower than 180 mg/kg, which is the recommended limit for authentic honeys. Comparing Algerian and imported honeys, electrical conductivity, degrees Brix, diastase activities and proline contents were higher in Algerian honeys, in contrast to moisture percentages, hydroxymethylfurfural contents and acid phospatase activities that were higher in imported honeys. Methanolic extracts of Algerian samples were richer both in total phenolics and flavonoids determined in alkaline medium. There were not significant differences between Algerian and imported samples concerning pH, free acid, invertase, total carotenoid, total phenolics of raw honeys and TEAC, as well as regarding total flavonoids determined in neutral medium and o-diphenols of honeys’ methanolic extracts. Principal components analysis showed a good separation between Algerian and imported samples, only one multifloral Algerian honey being misclassified. Our research showed that a legal frame for Algerian honeys is of utmost importance. Spurge-labeled honeys were grouped, showing interesting common features that should be taken into account in a future regulation, in which a protected designation of origin for spurge honeys could be considered.</subfield>
</datafield>
<datafield tag="024" ind2=" " ind1="8">
<subfield code="a">http://hdl.handle.net/10259/8124</subfield>
</datafield>
<datafield tag="024" ind2=" " ind1="8">
<subfield code="a">10.2478/jas-2020-0019</subfield>
</datafield>
<datafield tag="024" ind2=" " ind1="8">
<subfield code="a">2299-4831</subfield>
</datafield>
<datafield ind1=" " ind2=" " tag="653">
<subfield code="a">Algerian honeys</subfield>
</datafield>
<datafield ind1=" " ind2=" " tag="653">
<subfield code="a">Phenolics</subfield>
</datafield>
<datafield ind1=" " ind2=" " tag="653">
<subfield code="a">Quality parameters</subfield>
</datafield>
<datafield ind1=" " ind2=" " tag="653">
<subfield code="a">TEAC</subfield>
</datafield>
<datafield ind1=" " ind2=" " tag="653">
<subfield code="a">Total carotenoids</subfield>
</datafield>
<datafield tag="245" ind1="0" ind2="0">
<subfield code="a">Quality Attributes of Local and Imported Honeys Commercialized in Algeria</subfield>
</datafield>
</record></metadata></record></GetRecord></OAI-PMH>